000 00378nam a2200157Ia 4500
008 221030s9999 xx 000 0 und d
020 _a8178082942
041 _aEnglish
082 _a105.23
_bTan
100 _aA. S. Tanenbaum
245 0 _aDistributed Operating Systems
260 _bAddison Wesley
_aNew Delhi
_c2001
300 _a614
650 _aBE Computer
942 _cBK
999 _c7581
_d7581